000 01358cam a22002294a 4500
005 20250605164002.0
008 250528s ||||||||||||||||||||||||d
035 _a15663
020 _a719543452
040 _aGR-AtMCL
_bgre
_dGR-AtMCL
_eAACR2
245 1 _aSuccess in Investment / Third Edition
250 _a3rd
260 _c1987
300 _a352
520 _aThis book is for anyone who wants to follow a self-study course, whether working independently or in a group, as part of a vocational program. Investors and Investments, Types of Investment, The Government as Borrower, Yield on Fixed-interest Stocks, Non-Government Fixed-Interest Securities, Equities, Other Direct Financial Assets, New Issues, The Stock Exchange, The Transfer and Settlement Procedure, Unit Trusts and Investment Trust Companies, Insurance and Pensions, Real Assets and Other Investments, Portfolio Planning, Selection and Review of Investments, Portfolio Management and Review, The Business of Shareholders' Meetings, Investor Protection, Investment Advice and Professional Management, Investment by Trustees, Investment Portfolios for Trustees, The Successful Investor, Glossary, Further Reading, Index.
700 1 _aCurry S.J
_91626
700 1 _aJohn Murray
_91627
700 1 _aWinfield R.G
_91628
942 _cBK
999 _c1226
_d1226